[Event "XXIV MEMORIAL J. KOCHANA"]
[Site "Koszalin"]
[Date "2013.08.12"]
[Round "4.16"]
[White "Tymrakiewicz, Marcin"]
[Black "Zimochocki, Roman"]
[Result "1-0"]
[WhiteElo "1936"]
[BlackElo "1775"]
[PlyCount "77"]
[EventDate "2013.??.??"]

1. d4 d5 2. Nf3 Nf6 3. e3 Bg4 4. h3 Bh5 5. g4 Bg6 6. Ne5 e6 7. h4 h6 8. Nxg6
fxg6 9. Bd3 Kf7 10. f4 Bd6 11. Qf3 Rf8 12. Nd2 Nbd7 13. b3 Qe8 14. Bb2 Ke7 15.
O-O-O c5 16. Rde1 Qf7 17. Rhf1 Rac8 18. Qg2 Qe8 19. f5 exf5 20. gxf5 Kd8 21.
fxg6 Kc7 22. e4 dxe4 23. Nxe4 Nxe4 24. Bxe4 Rxf1 25. Rxf1 Nf6 26. Bxb7 Rd8 27.
dxc5 Be5 28. Bf3 Bf4+ 29. Kb1 Rd2 30. Qg1 Bh2 31. Qh1 Qxg6 32. Bd1 Ne4 33. Qf3
Rd7 34. Bc1 Nxc5 35. Bf4+ Bxf4 36. Qxf4+ Qd6 37. Qc4 Kd8 38. Bg4 Qd5 39. Bxd7
1-0

[Event "XXIV MEMORIAL J. KOCHANA"]
[Site "Koszalin"]
[Date "2013.08.12"]
[Round "4.18"]
[White "Dabrowski, Damian"]
[Black "Przerwa, Waldemar"]
[Result "0-1"]
[WhiteElo "1593"]
[BlackElo "1779"]
[PlyCount "108"]
[EventDate "2013.??.??"]

1. e4 g6 2. d4 Bg7 3. Nf3 c6 4. Nc3 d5 5. e5 Bg4 6. h3 Bxf3 7. Qxf3 e6 8. Be3
a6 9. Bd3 c5 10. O-O Nc6 11. dxc5 Nxe5 12. Qe2 Nxd3 13. Qxd3 d4 14. Ne4 dxe3
15. Nd6+ Kf8 16. Qxe3 Qc7 17. Rfd1 Ne7 18. Qa3 Nc6 19. Rd3 Be5 20. Rad1 Rd8 21.
g3 Bxd6 22. cxd6 Qd7 23. Qc3 e5 24. f4 f6 25. Rf1 Kg7 26. g4 Qe6 27. g5 fxg5
28. fxe5 Qxe5 29. Qb3 Rd7 30. Rdf3 Qd4+ 31. Kh1 Ne5 32. Rf6 Rhd8 33. Qe6 Rxd6
34. Qe7+ Kh6 35. Rxd6 Qxd6 36. Qxb7 Qd5+ 37. Qxd5 Rxd5 38. Rf2 Kh5 39. b3 Kh4
40. Kg2 h5 41. c4 Rd3 42. c5 Rxh3 43. Re2 Rg3+ 44. Kf1 Rf3+ 45. Kg2 Rf5 46. Rc2
Nc6 47. a4 a5 48. b4 axb4 49. a5 b3 50. Rc3 g4 51. Rxb3 Rxc5 52. a6 Ra5 53. a7
Nxa7 54. Rb1 Ra2+ 0-1

[Event "XXIV MEMORIAL J. KOCHANA"]
[Site "Koszalin"]
[Date "2013.08.12"]
[Round "4.21"]
[White "Ziobrowska, Danuta"]
[Black "Wolaniecki, Patryk"]
[Result "0-1"]
[WhiteElo "1595"]
[BlackElo "1388"]
[PlyCount "62"]
[EventDate "2013.??.??"]

1. d4 Nf6 2. c4 e6 3. Nc3 Bb4 4. Bd2 c5 5. dxc5 Bxc5 6. Bg5 Qb6 7. e3 Qxb2 8.
Bxf6 gxf6 9. Nge2 Bb4 10. Qc1 Qxc1+ 11. Rxc1 Nc6 12. g3 b6 13. Bg2 Ba6 14. Nd4
Rc8 15. O-O Nxd4 16. exd4 Rxc4 17. Ne4 Ke7 18. Rfd1 Rhc8 19. Rxc4 Rxc4 20. Bf1
Rc2 21. Bxa6 d5 22. Bd3 Rxa2 23. Nxf6 Kxf6 24. Bxh7 Rd2 25. Rc1 Rxd4 26. Rc7 a5
27. Rb7 a4 28. Bc2 Bc5 29. h4 a3 30. Ra7 Rd2 31. Ba4 a2 0-1

[Event "XXIV MEMORIAL J. KOCHANA"]
[Site "Koszalin"]
[Date "2013.08.12"]
[Round "4.22"]
[White "Wasilewski, Leszek"]
[Black "Kozlowski, Konrad"]
[Result "0-1"]
[WhiteElo "1337"]
[BlackElo "1515"]
[PlyCount "88"]
[EventDate "2013.??.??"]

1. d4 f5 2. Nf3 Nf6 3. Bg5 e6 4. Nc3 Bb4 5. a3 Bxc3+ 6. bxc3 h6 7. Bf4 d6 8. e3
b6 9. Bb5+ c6 10. Bc4 Nh5 11. O-O O-O 12. Re1 Nxf4 13. exf4 d5 14. Be2 Nd7 15.
Bd3 Qf6 16. Qd2 Re8 17. Re2 Nf8 18. Ne5 Bb7 19. Re3 Ng6 20. Rg3 Nxe5 21. dxe5
Qf7 22. Re1 c5 23. Be2 Rad8 24. Rh3 Kh7 25. Bh5 g6 26. Bf3 d4 27. Bxb7 Qxb7 28.
Qd3 dxc3 29. Qxc3 Rd4 30. Qg3 Qe4 31. Rf1 Qxf4 32. Qxf4 Rxf4 33. Rd3 Rd4 34.
Rxd4 cxd4 35. Rd1 Rd8 36. f4 Rd5 37. Rd3 h5 38. Kf2 Kh6 39. Ke2 h4 40. c3 dxc3
41. Rxd5 exd5 42. Kd3 d4 43. g3 hxg3 44. hxg3 Kg7 0-1

[Event "XXIV MEMORIAL J. KOCHANA"]
[Site "Koszalin"]
[Date "2013.08.12"]
[Round "4.23"]
[White "Stefanoff, Zdzislaw"]
[Black "Zukowska, Aleksandra"]
[Result "1/2-1/2"]
[WhiteElo "1512"]
[BlackElo "1345"]
[PlyCount "177"]
[EventDate "2013.??.??"]

1. d4 d5 2. c4 c6 3. Nc3 dxc4 4. e4 b5 5. a4 b4 6. Nb1 Nf6 7. e5 Nd5 8. Bxc4
Bf5 9. Nf3 e6 10. O-O Be7 11. Nbd2 O-O 12. Re1 Nd7 13. Nf1 N7b6 14. Bd3 Bxd3
15. Qxd3 Qc7 16. Bg5 h6 17. Be3 Rad8 18. Rec1 Qb7 19. N1d2 Rc8 20. h3 Rfd8 21.
Ne4 Nxe3 22. fxe3 Nd5 23. Nfd2 Rd7 24. Nb3 Qb6 25. a5 Qd8 26. Rc2 Rdc7 27. Rac1
Qe8 28. Nbc5 Bxc5 29. Rxc5 Qd7 30. Nd6 Rb8 31. Rf1 Rf8 32. Qd2 a6 33. e4 Ne7
34. Qxb4 Nc8 35. Rc2 Kh8 36. Rfc1 Rd8 37. Kh1 Nxd6 38. exd6 Qxd6 39. Qxd6 Rxd6
40. Rc4 Kh7 41. Kg1 Kg6 42. Kf2 Rb7 43. b4 Rb5 44. Ke3 Kg5 45. g3 Kg6 46. Rb1
Rb7 47. e5 Rdd7 48. Rxc6 Ra7 49. Rbc1 Kg5 50. Rb6 Ra8 51. Rcc6 Rda7 52. Kf3 Kf5
53. h4 h5 54. Rc1 Rd8 55. Rf1 Rxd4 56. b5 axb5 57. Rxb5 Ra4 58. Kg2+ Kg6 59.
Rf2 R4xa5 60. Rxa5 Rxa5 61. Re2 Ra3 62. Rf2 Re3 63. Rf4 Rxe5 64. Ra4 Kf6 65.
Ra8 g6 66. Rf8 Ke7 67. Rg8 Rd5 68. Ra8 Rd8 69. Ra7+ Rd7 70. Ra8 f5 71. Ra6 Kf7
72. Ra8 e5 73. Kf3 Rd3+ 74. Kf2 e4 75. Ra6 Rd7 76. Ke3 Re7 77. Rb6 Re6 78. Rb7+
Kf6 79. Rb8 Ra6 80. Rb3 Ke6 81. Rb8 Kd5 82. Rd8+ Rd6 83. Rc8 Rc6 84. Rd8+ Kc5
85. Rd7 Ra6 86. Rc7+ Kb5 87. Kf2 Ra2+ 88. Ke3 Ra6 89. Rc8 1/2-1/2

[Event "XXIV MEMORIAL J. KOCHANA"]
[Site "Koszalin"]
[Date "2013.08.12"]
[Round "4.26"]
[White "Kwiatkowski, Marek"]
[Black "Bilczewska, Olga"]
[Result "1-0"]
[WhiteElo "1434"]
[BlackElo "1223"]
[PlyCount "111"]
[EventDate "2013.??.??"]

1. c4 e5 2. Nc3 Nf6 3. d3 Bb4 4. Bd2 O-O 5. Nf3 d6 6. g3 Nc6 7. Bg2 Nd7 8. Qb3
Kh8 9. O-O f5 10. Bg5 Qe8 11. Nd5 Ba5 12. Bd2 Qd8 13. Qc2 Bxd2 14. Qxd2 Nf6 15.
Rac1 Be6 16. Ng5 Bg8 17. a3 h6 18. Nxf6 Qxf6 19. Nf3 Rae8 20. Ne1 Be6 21. Bxc6
bxc6 22. Qa5 Qf7 23. Qxa7 Ra8 24. Qe3 Rfb8 25. Qd2 f4 26. Ra1 Bh3 27. Ng2 f3
28. exf3 Qxf3 29. Nh4 Qf7 30. Rfb1 g5 31. Ng2 Rb3 32. Qe2 Bf5 33. Rd1 Rab8 34.
Rd2 Qe6 35. Ne3 Bg6 36. a4 Qh3 37. a5 Qc8 38. a6 Ra8 39. a7 Qb7 40. Qd1 Rb4 41.
Qf3 Rb3 42. Qf6+ Kh7 43. Nf5 Bxf5 44. Qxf5+ Kg7 45. Qd7+ Kg6 46. Qe6+ Kg7 47.
Qe7+ Kg6 48. d4 exd4 49. Qe4+ Kg7 50. Qxd4+ Kg6 51. Re1 Rf8 52. Re6+ Kf7 53.
Qf6+ Kg8 54. Qg6+ Kh8 55. Qxh6+ Kg8 56. Qxg5+ 1-0

[Event "XXIV MEMORIAL J. KOCHANA"]
[Site "Koszalin"]
[Date "2013.08.12"]
[Round "4.27"]
[White "Ciesielski, Jan"]
[Black "Cwirko, Mateusz"]
[Result "0-1"]
[WhiteElo "1268"]
[BlackElo "1420"]
[PlyCount "140"]
[EventDate "2013.??.??"]

1. e4 c5 2. Nf3 Nc6 3. d4 cxd4 4. Nxd4 e5 5. Nf3 d6 6. Nc3 Be7 7. Be3 Nf6 8. h3
Be6 9. Bb5 a6 10. Ba4 O-O 11. Qd2 Rc8 12. O-O Qc7 13. Rac1 Qb8 14. Rfd1 Rfd8
15. Bb6 Rf8 16. Qe2 Nd7 17. Be3 Kh8 18. Nd5 b5 19. Bb3 Bxd5 20. Bxd5 Nc5 21.
Bxc5 dxc5 22. Bxc6 Rxc6 23. Rd5 f6 24. Rcd1 Rd6 25. Nh4 g6 26. Qe3 Kg7 27. Qg3
Kf7 28. Qg4 Rfd8 29. Rxd6 Rxd6 30. Rd5 Qd8 31. Kh2 Rxd5 32. exd5 Qxd5 33. Qc8
Qe6 34. Qh8 g5 35. Qxh7+ Ke8 36. Ng6 Qf7 37. Qh8+ Bf8 38. Nxf8 Qxf8 39. Qxf8+
Kxf8 40. Kg3 Kg7 41. Kf3 Kf7 42. Ke3 Ke7 43. g3 Kf7 44. Ke4 Ke6 45. f4 f5+ 46.
Ke3 gxf4+ 47. gxf4 e4 48. b3 Kf6 49. c3 Kg6 50. b4 c4 51. a3 Kh5 52. Kf2 Kh4
53. Kg2 e3 54. Kf3 Kxh3 55. Ke2 Kg4 56. Kxe3 Kg3 57. Kd4 Kxf4 58. Kc5 Ke5 59.
Kb6 f4 60. Kxa6 f3 61. Kxb5 f2 62. Kxc4 f1=Q+ 63. Kc5 Qa6 64. b5 Qxa3+ 65. Kb6
Qxc3 66. Ka6 Kd6 67. b6 Kc6 68. Ka7 Qa5+ 69. Kb8 Qxb6+ 70. Kc8 Qc7# 0-1

[Event "XXIV MEMORIAL J. KOCHANA"]
[Site "Koszalin"]
[Date "2013.08.12"]
[Round "4.29"]
[White "Popiolek, Henryk"]
[Black "Turzynska, Grazyna"]
[Result "0-1"]
[WhiteElo "1332"]
[BlackElo "1487"]
[PlyCount "44"]
[EventDate "2013.??.??"]

1. d4 d5 2. c4 Nf6 3. Nf3 c6 4. e3 Nbd7 5. Nc3 dxc4 6. Bxc4 b5 7. Be2 b4 8. Nb1
a5 9. Nbd2 c5 10. Qa4 cxd4 11. Nxd4 Bb7 12. f3 e5 13. Nc6 Qc7 14. Bb5 Ba6 15.
Bxa6 Rxa6 16. Nxb4 Bxb4 17. Qd1 O-O 18. Kf2 Rd6 19. Qe2 e4 20. f4 Nc5 21. Rf1
Rfd8 22. Nc4 Nd3+ 0-1

[Event "XXIV MEMORIAL J. KOCHANA"]
[Site "Koszalin"]
[Date "2013.08.12"]
[Round "4.30"]
[White "Luczak, Filip"]
[Black "Leszczewska, Edyta"]
[Result "1-0"]
[WhiteElo "1360"]
[BlackElo "1382"]
[PlyCount "103"]
[EventDate "2013.??.??"]

1. d4 d5 2. c4 e6 3. Nc3 Nf6 4. Bg5 Be7 5. e3 Nc6 6. Bxf6 Bxf6 7. c5 O-O 8. a3
b6 9. Bb5 Bb7 10. cxb6 cxb6 11. Nf3 Qd6 12. e4 dxe4 13. Nxe4 Qf4 14. Nxf6+ Qxf6
15. O-O Rfd8 16. Bxc6 Bxc6 17. Ne5 Bb7 18. Rc1 Rac8 19. Rxc8 Rxc8 20. Qa4 Ra8
21. Qd7 Bd5 22. Rc1 h6 23. Rc7 Rd8 24. Qxf7+ Qxf7 25. Nxf7 Rf8 26. Nd6 a6 27.
Rc8 b5 28. Rxf8+ Kxf8 29. g3 Ke7 30. Nc8+ Kf6 31. Kf1 Kf5 32. Nd6+ Kg4 33. h4
Kf3 34. Ne8 g6 35. Nf6 Bc6 36. Ng8 h5 37. Ne7 Be8 38. d5 exd5 39. Nxd5 Bf7 40.
Nc7 a5 41. Na6 a4 42. Nb4 Be6 43. Nc2 Bc4+ 44. Ke1 Ke4 45. Ne3 Kd4 46. Nxc4
Kxc4 47. Kd2 Kb3 48. Kc1 Ka2 49. Kc2 Ka1 50. f3 Ka2 51. g4 hxg4 52. fxg4 1-0

[Event "XXIV MEMORIAL J. KOCHANA"]
[Site "Koszalin"]
[Date "2013.08.12"]
[Round "4.31"]
[White "Krzywnicka, Maria"]
[Black "Leszczewska, Aneta"]
[Result "1-0"]
[WhiteElo "1372"]
[BlackElo "1115"]
[PlyCount "77"]
[EventDate "2013.??.??"]

1. e4 e5 2. f4 exf4 3. Nf3 Nc6 4. d4 d5 5. Bd3 dxe4 6. Bxe4 Nf6 7. Bxc6+ bxc6
8. O-O Be7 9. Bxf4 O-O 10. c3 c5 11. Ne5 Bb7 12. Be3 Qd5 13. Qf3 Qxf3 14. Nxf3
Nd5 15. Re1 Nxe3 16. Rxe3 Bd6 17. Nbd2 cxd4 18. cxd4 h6 19. Nc4 Bf4 20. Re7
Rab8 21. b3 Bxf3 22. gxf3 Rfd8 23. Re4 Bg5 24. Ne5 Rxd4 25. Ree1 Re8 26. Nc6
Rxe1+ 27. Rxe1 Rd2 28. a4 Bf4 29. Nxa7 Rxh2 30. Re4 Bd6 31. Nb5 Rb2 32. Nxd6
cxd6 33. b4 d5 34. Rd4 g6 35. b5 Rb3 36. Rxd5 Rxf3 37. b6 Rb3 38. Rb5 Rxb5 39.
axb5 1-0

[Event "XXIV MEMORIAL J. KOCHANA"]
[Site "Koszalin"]
[Date "2013.08.13"]
[Round "5.4"]
[White "Fronczak, Sebastian"]
[Black "Kuciel, Wladyslaw"]
[Result "0-1"]
[WhiteElo "1859"]
[BlackElo "1978"]
[PlyCount "72"]
[EventDate "2013.??.??"]

1. e4 c5 2. Nf3 e6 3. d4 cxd4 4. Nxd4 Nc6 5. Nb5 d6 6. c4 Nf6 7. N1c3 a6 8. Na3
Be7 9. Be2 O-O 10. O-O b6 11. Be3 Bb7 12. Rc1 Rc8 13. f3 Nd7 14. Qd2 Nc5 15.
Rfd1 Rc7 16. Nc2 a5 17. Nd4 Rd7 18. Nxc6 Bxc6 19. Qc2 Qa8 20. Rd2 Rfd8 21. Rcd1
Bf6 22. Bd4 Bg5 23. Bxc5 Bxd2 24. Bxb6 Rb8 25. Bd4 Bf4 26. b3 Qb7 27. Nb5 d5
28. exd5 Bxb5 29. cxb5 Rxd5 30. Bf2 Rc8 31. Bc4 Qxb5 32. g3 Bg5 33. Re1 Qd7 34.
Qe4 Rd2 35. Qg4 Bf6 36. Rxe6 Rxc4 0-1

[Event "XXIV MEMORIAL J. KOCHANA"]
[Site "Koszalin"]
[Date "2013.08.13"]
[Round "5.6"]
[White "Janik, Igor"]
[Black "Kucharski, Krzysztof"]
[Result "1-0"]
[WhiteElo "1953"]
[BlackElo "1864"]
[PlyCount "189"]
[EventDate "2013.??.??"]

1. e4 c5 2. Nf3 Nc6 3. d4 cxd4 4. Nxd4 Nf6 5. Nc3 e5 6. Ndb5 d6 7. Bg5 a6 8.
Na3 b5 9. Nd5 Be7 10. Bxf6 Bxf6 11. c4 b4 12. Nc2 O-O 13. h4 Rb8 14. b3 h6 15.
g3 Be6 16. Bg2 Qd7 17. Qd2 Kh7 18. Ndxb4 Nxb4 19. Nxb4 a5 20. Nd5 Bd8 21. O-O
f5 22. Rad1 f4 23. gxf4 Bxd5 24. Qxd5 Rxf4 25. Qxd6 Qxd6 26. Rxd6 Bxh4 27. f3
a4 28. Rb1 Rf7 29. Rd3 Be7 30. Rd5 Bf8 31. Rxe5 Rfb7 32. Bf1 axb3 33. axb3 Rxb3
34. Rxb3 Rxb3 35. Be2 Rc3 36. Rd5 g5 37. Kf2 Kg6 38. Bd3 Kf6 39. Ke3 Ke6 40.
Ra5 Bg7 41. Ra6+ Ke5 42. Ra5+ Ke6 43. Ra7 Bf8 44. Ra6+ Ke5 45. Ra5+ Ke6 46. Kd4
Rc1 47. Ra6+ Kd7 48. e5 Re1 49. e6+ Ke7 50. Be4 Kf6 51. Bd5 h5 52. Ra8 Rd1+ 53.
Kc3 Bd6 54. Rh8 h4 55. Rh7 Re1 56. Rf7+ Kg6 57. Kd2 Bb4+ 58. Kd3 h3 59. Be4+
Rxe4 60. fxe4 h2 61. Rf1 g4 62. Ke2 Bc5 63. e5 Kg5 64. Rh1 g3 65. Kf3 Kf5 66.
Kxg3 Kxe6 67. Rxh2 Kxe5 68. Rh4 Be7 69. Rg4 Kd6 70. Kf3 Kc5 71. Ke2 Bf6 72. Kd3
Bb2 73. Rg5+ Kc6 74. Ra5 Bg7 75. Ra6+ Kc5 76. Rg6 Bb2 77. Kc2 Ba3 78. Kb3 Bc1
79. Rg3 Bf4 80. Rd3 Bh2 81. Rh3 Bf4 82. Rf3 Bd2 83. Rf5+ Kc6 84. Ka4 Be3 85.
Rf6+ Kc5 86. Kb3 Bd4 87. Rf5+ Kc6 88. Kb4 Bg7 89. c5 Bd4 90. Kc4 Bg1 91. Rf6+
Kc7 92. Kb5 Bh2 93. Rf7+ Kc8 94. Kc6 Kd8 95. Kb7 1-0

[Event "XXIV MEMORIAL J. KOCHANA"]
[Site "Koszalin"]
[Date "2013.08.13"]
[Round "5.8"]
[White "Mielczarski, Miroslaw"]
[Black "Trzeciakiewicz, Michal"]
[Result "1-0"]
[WhiteElo "2241"]
[BlackElo "1543"]
[PlyCount "77"]
[EventDate "2013.??.??"]

1. d4 Nf6 2. c4 e6 3. Nc3 Bb4 4. Qb3 Bxc3+ 5. Qxc3 O-O 6. Bg5 h6 7. Bh4 d5 8.
e3 Nbd7 9. Nf3 dxc4 10. Bxc4 c6 11. O-O Qc7 12. Rac1 Nd5 13. Qd3 N7b6 14. Bb3
f6 15. Bg3 Qd8 16. Rfd1 Re8 17. a3 Nd7 18. Nd2 Nf8 19. Nc4 Re7 20. e4 Nb6 21.
Ne3 Kh8 22. Qc3 Bd7 23. a4 Rc8 24. a5 Na8 25. Nc4 Nc7 26. Qb4 Ng6 27. Nd6 Rb8
28. Bc4 b5 29. Be2 Na6 30. Qd2 e5 31. dxe5 Nxe5 32. Bxe5 fxe5 33. Nf5 Rf7 34.
Bh5 Rxf5 35. exf5 Qh4 36. Qxd7 Qxh5 37. Qxa7 Rf8 38. Qxa6 Qxf5 39. Qb6 1-0

[Event "XXIV MEMORIAL J. KOCHANA"]
[Site "Koszalin"]
[Date "2013.08.13"]
[Round "5.9"]
[White "Wacior, Maciej"]
[Black "Tymrakiewicz, Marcin"]
[Result "1-0"]
[WhiteElo "1797"]
[BlackElo "1936"]
[PlyCount "63"]
[EventDate "2013.??.??"]

1. d4 Nf6 2. Nf3 d6 3. c3 g6 4. Bg5 Nbd7 5. e3 Bg7 6. Be2 O-O 7. O-O e5 8. Nbd2
c6 9. Qc2 Qc7 10. Rfd1 Re8 11. dxe5 dxe5 12. Nc4 b5 13. Nd6 Re6 14. Nxc8 Rxc8
15. a4 a6 16. b4 Nb6 17. axb5 axb5 18. Ra3 Ree8 19. c4 Qb7 20. Rda1 Qb8 21. c5
Nbd5 22. e4 Nf4 23. Ra7 h6 24. Bxf6 Bxf6 25. g3 Nxe2+ 26. Qxe2 Re7 27. Rxe7
Bxe7 28. Qd2 Qc7 29. Qxh6 Rd8 30. Ng5 Bf6 31. Qh7+ Kf8 32. Ne6+ 1-0

[Event "XXIV MEMORIAL J. KOCHANA"]
[Site "Koszalin"]
[Date "2013.08.13"]
[Round "5.10"]
[White "Ziemba, Artur"]
[Black "Kowalski, Maciej"]
[Result "0-1"]
[WhiteElo "1667"]
[BlackElo "1932"]
[PlyCount "54"]
[EventDate "2013.??.??"]

1. d4 Nf6 2. c4 c5 3. d5 d6 4. Nc3 g6 5. Nf3 Bg7 6. g3 e6 7. Bg2 exd5 8. Nxd5
Be6 9. Nxf6+ Bxf6 10. Qc2 O-O 11. O-O Nc6 12. a3 Qe7 13. Bh6 Rfe8 14. e4 Bg4
15. Nd2 Nd4 16. Qb1 Be2 17. Re1 Qe6 18. Bf1 Bxf1 19. Rxf1 g5 20. f4 Qh3 21.
fxg5 Ne2+ 22. Kf2 Qxh2+ 23. Ke3 Bd4+ 24. Kd3 Nxg3 25. Kc2 Nxe4 26. Rd1 Qe2 27.
Qc1 Nf2 0-1

[Event "XXIV MEMORIAL J. KOCHANA"]
[Site "Koszalin"]
[Date "2013.08.13"]
[Round "5.11"]
[White "Przerwa, Waldemar"]
[Black "Gajdamowicz, Patrick"]
[Result "0-1"]
[WhiteElo "1779"]
[BlackElo "1892"]
[PlyCount "82"]
[EventDate "2013.??.??"]

1. g3 Nf6 2. Bg2 g6 3. Nf3 Bg7 4. O-O O-O 5. c4 d6 6. d4 Nbd7 7. Nc3 c5 8. d5
a6 9. Qc2 b5 10. Nd2 b4 11. Nce4 Nxe4 12. Nxe4 a5 13. Rb1 a4 14. b3 axb3 15.
axb3 Bb7 16. Bb2 Ra2 17. Qc1 Ne5 18. f4 Ng4 19. Bxg7 Kxg7 20. Rb2 Ra3 21. h3
Nf6 22. f5 Nd7 23. g4 f6 24. h4 Ne5 25. g5 Bc8 26. gxf6+ exf6 27. Bh3 Ra7 28.
Kh2 Kh8 29. Qf4 Rg7 30. Rg1 Qe7 31. Rg3 Bxf5 32. Bxf5 gxf5 33. Qxf5 Rfg8 34.
Rxg7 Qxg7 35. Qf1 f5 36. Nf2 Nf3+ 37. exf3 Qxb2 38. Qe1 Qxb3 39. Qe2 Qc3 40. h5
Qe5+ 41. Qxe5+ dxe5 0-1

[Event "XXIV MEMORIAL J. KOCHANA"]
[Site "Koszalin"]
[Date "2013.08.13"]
[Round "5.12"]
[White "Bartoszewicz, Marcin"]
[Black "Lebiedowicz, Borys"]
[Result "0-1"]
[WhiteElo "1878"]
[BlackElo "1781"]
[PlyCount "44"]
[EventDate "2013.??.??"]

1. e4 e5 2. Nf3 Nc6 3. Bb5 f5 4. d3 fxe4 5. dxe4 Nf6 6. O-O Bc5 7. Bg5 d6 8.
Nc3 O-O 9. h3 Be6 10. Nd5 Kh8 11. Nh4 Ne7 12. Nxe7 Qxe7 13. Qe2 Qf7 14. Bd2 g5
15. Bxg5 Rg8 16. Be3 Nxe4 17. Bd3 Ng5 18. Bxc5 Nxh3+ 19. Kh2 Nf4 20. Qf3 Bd5
21. Be4 Rxg2+ 22. Nxg2 Bxe4 0-1

[Event "XXIV MEMORIAL J. KOCHANA"]
[Site "Koszalin"]
[Date "2013.08.13"]
[Round "5.16"]
[White "Koszowski, Krystian"]
[Black "Kwiatkowski, Marek"]
[Result "0-1"]
[WhiteElo "1721"]
[BlackElo "1434"]
[PlyCount "128"]
[EventDate "2013.??.??"]

1. e4 c5 2. Nf3 Nc6 3. d4 cxd4 4. Nxd4 Nf6 5. Nc3 d6 6. Be3 g6 7. Bc4 Bg7 8.
O-O O-O 9. h3 Bd7 10. Qd2 Rc8 11. Bb3 a6 12. Rad1 Na5 13. f4 Nxb3 14. axb3 Qc7
15. Nf3 Rfd8 16. e5 dxe5 17. fxe5 Bf5 18. Qf2 Rxd1 19. Rxd1 Ne4 20. Nxe4 Bxe4
21. Ng5 Bf5 22. g4 Qxc2 23. Qf3 Bxg4 24. Qxf7+ Kh8 25. Rc1 Qf5 26. Rxc8+ Qxc8
27. Qxe7 Qd7 28. Qxd7 Bxd7 29. Bf4 Kg8 30. h4 h6 31. Ne4 Bc6 32. Nd6 g5 33.
hxg5 hxg5 34. Bg3 Kf8 35. Kf2 Ke7 36. Nf5+ Kf7 37. e6+ Kf6 38. Nxg7 Kxg7 39.
Be5+ Kg6 40. e7 Kf5 41. Bc7 Ke6 42. Kg3 Kxe7 43. Kg4 Kd7 44. Ba5 Bd5 45. b4 Kc6
46. Kxg5 b6 47. Kf5 bxa5 48. bxa5 Kc5 49. Ke5 Kc4 50. Kd6 Kd4 51. Kc7 Kc5 52.
Kd7 Bg8 53. Kc7 Be6 54. Kb7 Bc4 55. Kc7 Bd5 56. Kd7 Kb5 57. Kd6 Bg8 58. Ke5
Kxa5 59. Kd4 Kb4 60. Kd3 Kb3 61. Kd4 a5 62. Kc5 a4 63. Kb5 Bf7 64. Ka5 Be8 0-1

[Event "XXIV MEMORIAL J. KOCHANA"]
[Site "Koszalin"]
[Date "2013.08.13"]
[Round "5.17"]
[White "Cwirko, Mateusz"]
[Black "Lanica, Lukasz"]
[Result "0-1"]
[WhiteElo "1420"]
[BlackElo "1691"]
[PlyCount "114"]
[EventDate "2013.??.??"]

1. e4 c6 2. d4 d5 3. exd5 cxd5 4. c3 Nf6 5. Bd3 Nc6 6. h3 e6 7. Nf3 Be7 8. Bf4
O-O 9. O-O Bd7 10. Nbd2 Rc8 11. Qb1 Na5 12. Ne5 b5 13. Bh2 Nc4 14. Bxc4 dxc4
15. Qc2 Bc6 16. Nxc6 Rxc6 17. Nf3 Nd5 18. Ne5 Rc8 19. Rfe1 b4 20. Reb1 bxc3 21.
bxc3 Qa5 22. Kf1 Ba3 23. Rb7 a6 24. Rab1 Nxc3 25. R1b6 Nd5 26. Nc6 Qc3 27. Qxc3
Nxc3 28. Rxa6 Ra8 29. Rba7 Rxa7 30. Rxa7 Bc1 31. Bd6 Re8 32. a4 Nd5 33. a5 Bb2
34. Ke2 Rc8 35. Bc5 f6 36. Ne7+ Nxe7 37. Rxe7 c3 38. Kd1 c2+ 39. Kxc2 Bxd4 40.
Kd3 Bxc5 41. Rxe6 Bxf2 42. a6 Kf7 43. Re2 Bg3 44. Ra2 Ke6 45. Ra4 f5 46. Ke3
Bh2 47. Kf3 Ra8 48. Kf2 Bc7 49. Kf3 Ra7 50. g3 Kd6 51. g4 fxg4+ 52. Kxg4 Bb6
53. Ra2 Kc6 54. Kf4 Bd4 55. Kf5 Kb6 56. Kg5 Rxa6 57. Rxa6+ Kxa6 0-1

[Event "XXIV MEMORIAL J. KOCHANA"]
[Site "Koszalin"]
[Date "2013.08.13"]
[Round "5.18"]
[White "Wolaniecki, Patryk"]
[Black "Kupiak, Sylwester"]
[Result "0-1"]
[WhiteElo "1388"]
[BlackElo "1662"]
[PlyCount "116"]
[EventDate "2013.??.??"]

1. e4 d5 2. exd5 Qxd5 3. Nc3 Qa5 4. d4 Nf6 5. Bc4 Bg4 6. f3 Bf5 7. Nge2 c6 8.
O-O e6 9. a3 Bd6 10. Bf4 Bxf4 11. Nxf4 Qc7 12. Nfe2 O-O 13. Ng3 Bg6 14. Nce4
Nbd7 15. Bd3 Nd5 16. Re1 e5 17. Bc4 N5b6 18. Bb3 Rad8 19. dxe5 Nxe5 20. Qe2 Kh8
21. f4 Bxe4 22. Qxe4 Ng4 23. Qf3 Nf6 24. Rad1 Nbd5 25. f5 Rfe8 26. Ne4 Nxe4 27.
Rxe4 Rxe4 28. Qxe4 Nf6 29. Rxd8+ Qxd8 30. Qc4 Qd1+ 31. Kf2 Ng4+ 32. Kg3 Ne5 33.
Qe4 Qd6 34. Kf2 Qd2+ 35. Kf1 f6 36. Qb4 Qxb4 37. axb4 Ng4 38. Be6 Ne3+ 39. Ke2
Nxc2 40. Kd2 Nxb4 41. Kc3 c5 42. b3 g6 43. g4 Kg7 44. h4 gxf5 45. Bxf5 h6 46.
h5 Kf7 47. Kc4 b6 48. Kc3 Ke7 49. Kd2 Kd6 50. Ke3 Ke5 51. Bg6 Nd5+ 52. Kd3 b5
53. Bf5 Nf4+ 54. Kc3 Ne2+ 55. Kd3 Nd4 56. Bd7 Kd6 57. Be8 Ke7 58. Bg6 Nxb3 0-1

[Event "XXIV MEMORIAL J. KOCHANA"]
[Site "Koszalin"]
[Date "2013.08.13"]
[Round "5.19"]
[White "Stylinski, Piotr"]
[Black "Trembowiecka-Wysota, Aleksandra"]
[Result "1/2-1/2"]
[WhiteElo "1576"]
[BlackElo "1404"]
[PlyCount "76"]
[EventDate "2013.??.??"]

1. d4 Nf6 2. Nf3 g6 3. Bg5 Bg7 4. c3 d6 5. Nbd2 O-O 6. e4 e5 7. Bc4 exd4 8.
cxd4 h6 9. Be3 Ng4 10. O-O Nxe3 11. fxe3 Nc6 12. Qe1 Nb4 13. Bb3 c5 14. Qg3 b5
15. a3 Nc6 16. Bd5 Bb7 17. Qxg6 Nxd4 18. exd4 Bxd5 19. Qh5 Be6 20. d5 Bd7 21.
Rab1 f5 22. Ne1 Qf6 23. Nef3 Rae8 24. Rbe1 Qxb2 25. exf5 Rxe1 26. Rxe1 Rxf5 27.
Qh4 Qf6 28. Qe4 Qf7 29. Qh4 Qf6 30. Qg4 Qf7 31. Qh4 Rf6 32. Qe4 Rf4 33. Qe7
Qxe7 34. Rxe7 Rf7 35. Re1 Bc3 36. Re3 Bxd2 37. Nxd2 Kf8 38. Ne4 Re7 1/2-1/2

[Event "XXIV MEMORIAL J. KOCHANA"]
[Site "Koszalin"]
[Date "2013.08.13"]
[Round "5.22"]
[White "Zimochocki, Roman"]
[Black "Stefanoff, Zdzislaw"]
[Result "1/2-1/2"]
[WhiteElo "1775"]
[BlackElo "1512"]
[PlyCount "130"]
[EventDate "2013.??.??"]

1. d4 Nf6 2. Nf3 d5 3. Bf4 Bf5 4. e3 e6 5. Bd3 Bxd3 6. Qxd3 Bb4+ 7. c3 Be7 8.
Nbd2 O-O 9. h3 Bd6 10. Ne5 Nbd7 11. Nxd7 Qxd7 12. Bg5 Ne8 13. O-O f6 14. Bh4 c5
15. f3 c4 16. Qe2 e5 17. Rae1 Nc7 18. Bf2 Rae8 19. Qd1 b5 20. e4 exd4 21. Bxd4
a6 22. Qc2 Bf4 23. Bc5 Rf7 24. Rd1 Qc6 25. Bf2 Rd7 26. exd5 Nxd5 27. Kh1 Be3
28. Qf5 Bxf2 29. Rxf2 Ne3 30. Qb1 Nxd1 31. Qxd1 Rd3 32. Qc2 Red8 33. Ne4 Rd1+
34. Kh2 Qc7+ 35. g3 Re1 36. Rd2 Re3 37. Kg2 Rxd2+ 38. Qxd2 Rd3 39. Qf2 Qd8 40.
Qc5 Rd5 41. Qc6 a5 42. Qe6+ Kh8 43. h4 Re5 44. Qf7 Re7 45. Qh5 Re5 46. Qf7 Qe8
47. Qb7 h6 48. Qc7 a4 49. g4 f5 50. gxf5 Rxf5 51. Qd6 Qf8 52. Qg3 Rd5 53. Qc7
Rd3 54. Qg3 Rd1 55. Qe5 Rd3 56. Qg3 b4 57. h5 Re3 58. Qf2 Rd3 59. cxb4 Qxb4 60.
Qc2 Rd5 61. Nc3 Rxh5 62. Qe2 Rg5+ 63. Kf1 Qb8 64. Ne4 Qf4 65. Nxg5 hxg5 1/2-1/2

[Event "XXIV MEMORIAL J. KOCHANA"]
[Site "Koszalin"]
[Date "2013.08.13"]
[Round "5.23"]
[White "Turzynska, Grazyna"]
[Black "Dabrowski, Damian"]
[Result "1/2-1/2"]
[WhiteElo "1487"]
[BlackElo "1593"]
[PlyCount "64"]
[EventDate "2013.??.??"]

1. e4 c5 2. c4 Nc6 3. Ne2 g6 4. d4 cxd4 5. Nxd4 Bg7 6. Be3 d6 7. Nc3 Nf6 8. Be2
O-O 9. O-O Bd7 10. Qd2 Ng4 11. Bxg4 Bxg4 12. f3 Bd7 13. Rac1 Qa5 14. Rfd1 Nxd4
15. Bxd4 Be6 16. b3 Kh8 17. Rc2 a6 18. Qf2 Bxd4 19. Qxd4+ f6 20. Ne2 Rac8 21.
Qb2 Rc7 22. Nf4 Bf7 23. Nd5 Bxd5 24. exd5 Rfc8 25. Re2 b5 26. cxb5 Qxb5 27. h3
Kg7 28. Rde1 Kf7 29. Qd4 Qc5 30. Qxc5 dxc5 31. Re6 Ra7 32. Rc1 Rd7 1/2-1/2